U.S. States with the Most National Historic Landmarks per Capita - Statistics

General Stats
  • This quiz has been taken 15 times
  • The average score is 6 of 10
Answer Stats
people / NHL State % Correct
14,803 Alaska
90%
20,986 Wyoming
80%
45,192 Hawaii
70%
24,718 Rhode Island
70%
31,932 Maine
50%
40,615 Montana
50%
36,027 Vermont
50%
56,540 Connecticut
40%
37,168 Massachusetts
30%
46,310 New Mexico
20%
No matching quizzes found
Score Distribution
Percent of People with Each Score
Percentile by Number Answered
Your Score History
You have not taken this quiz